Тепловые электрические станции. Схемы и оборудование: учебное пособие

Podrobná bibliografie
Hlavní autor: Кудинов А. А. Анатолий Александрович
Shrnutí:Изложены основы теории повышения тепловой экономичности электростанций за счет применения пара высоких и сверхвысоких параметров, комбинированной выработки электрической и тепловой энергии, регенеративного подогрева питательной воды, промежуточного перегрева пара, использования газотурбинных и парогазовых установок. Описаны принципиальные тепловые схемы современных ТЭС, освещены вопросы выбора основного и вспомогательного оборудования, расчета тепловых схем, компоновки главного здания, технического водоснабжения и подготовки добавочной воды, топливного хозяйства и очистки уходящих газов. Для студентов энергетических вузов и специальностей, а также инженерно-технических работников электростанций.
Jazyk:ruština
Vydáno: Москва, Инфра-М, 2023
Edice:Высшее образование-Бакалавриат
Témata:
Médium: Kniha
KOHA link:https://koha.lib.tpu.ru/cgi-bin/koha/opac-detail.pl?biblionumber=379194

MARC

LEADER 00000nam0a2200000 4500
001 379194
005 20231117092854.0
010 |a 978-5-16-004731-7 
035 |a (RuTPU)RU\TPU\retro\36656 
035 |a RU\TPU\book\238336 
090 |a 379194 
100 |a 20230710d2023 m y0rusy50 ca 
101 0 |a rus 
102 |a RU 
105 |a a j 001zy 
181 0 |a i   |b  e  
182 0 |a n 
183 0 |a nc  |2 RDAcarrier 
200 1 |a Тепловые электрические станции. Схемы и оборудование  |e учебное пособие  |f А. А. Кудинов 
203 |a Текст  |b визуальный  |c непосредственный 
210 |a Москва  |c Инфра-М  |d 2023 
215 |a 325 с.  |c ил. 
225 1 |a Высшее образование-Бакалавриат 
283 |a volume  |2 RDAcarrier 
320 |a Список литературы: с. 300-301 
330 |a Изложены основы теории повышения тепловой экономичности электростанций за счет применения пара высоких и сверхвысоких параметров, комбинированной выработки электрической и тепловой энергии, регенеративного подогрева питательной воды, промежуточного перегрева пара, использования газотурбинных и парогазовых установок. Описаны принципиальные тепловые схемы современных ТЭС, освещены вопросы выбора основного и вспомогательного оборудования, расчета тепловых схем, компоновки главного здания, технического водоснабжения и подготовки добавочной воды, топливного хозяйства и очистки уходящих газов. Для студентов энергетических вузов и специальностей, а также инженерно-технических работников электростанций. 
606 1 |a Тепловые электрические станции  |2 stltpush  |3 (RuTPU)RU\TPU\subj\59599  |9 77109 
610 1 |a классификация 
610 1 |a схемы 
610 1 |a энергетические показатели 
610 1 |a пар 
610 1 |a параметры 
610 1 |a промежуточный перегрев 
610 1 |a питательная вода 
610 1 |a регенеративный подогрев 
610 1 |a баланс 
610 1 |a оборудование 
610 1 |a агрегаты 
610 1 |a режимы работы 
610 1 |a турбогенераторы 
610 1 |a развернутая тепловая схема 
610 1 |a компоновка 
610 1 |a техническое водоснабжение 
610 1 |a генеральный план 
610 1 |a топливное хозяйство 
610 1 |a золоудаление 
610 1 |a уходящие газы 
610 1 |a очистка 
610 1 |a газотурбинные станции 
610 1 |a парогазовые станции 
610 1 |a учебные пособия 
675 |a 621.311.22(075.8)  |v 4  |z rus 
700 1 |a Кудинов  |b А. А.  |g Анатолий Александрович  |4 070 
801 1 |a RU  |b 63413507  |c 20120619 
801 2 |a RU  |b 63413507  |c 20230710  |g RCR 
942 |c BK